000 02631namaa2200517uu 4500
001 doab122264
003 oapen
005 20260218110432.0
006 m o d
007 cr|mn|---annan
008 231117s2024 xx |||||o ||| 0|eng d
020 _a978-3-031-26588-4
020 _a9783031265877
020 _a9783031265884
024 7 _a10.1007/978-3-031-26588-4
_2doi
040 _aoapen
_coapen
_d
041 0 _aeng
042 _adc
720 1 _aCardille, Jeffrey A.
_4edt
245 0 0 _aCloud-Based Remote Sensing with Google Earth Engine
_bFundamentals and Applications
260 _aCham
_bSpringer Nature
_c2024
300 _a1 online resource (1226 p.)
336 _atext
_btxt
_2rdacontent
337 _acomputer
_bc
_2rdamedia
338 _aonline resource
_bcr
_2rdacarrier
506 0 _fUnrestricted online access
_2star
520 _aThis book guides its audience-which can range from novice users to experts- though a 55-chapter tour of Google Earth Engine. A sequenced and diverse set of lab materials, this is the product of more than a year of effort from more than a hundred individuals, collecting new exercises from professors, undergraduates, master's students, PhD students, postdocs, and independent consultants. Cloud Based Remote Sensing with Google Earth Engine is broadly organized into two halves. The first half, Fundamentals, is a set of 31 labs designed to take the reader from being a complete Earth Engine novice to being a quite advanced user. The second half, Applications, presents a tour of the world of Earth Engine across 24 chapters, showing how it is used in a very wide variety of settings that rely on remote-sensing data This is an open access book.
540 _aCreative Commons
_fby/4.0/
_2cc
_uhttp://creativecommons.org/licenses/by/4.0/
546 _aEnglish
650 7 _aAlgorithms & data structures
_2bicssc
650 7 _aAnalytical chemistry
_2bicssc
650 7 _aArtificial intelligence
_2bicssc
650 7 _aComputer vision
_2bicssc
650 7 _aEnvironmental monitoring
_2bicssc
650 7 _aImaging systems & technology
_2bicssc
720 1 _aCardille, Jeffrey A.
_4oth
720 1 _aClinton, Nicholas E.
_4edt
720 1 _aClinton, Nicholas E.
_4oth
720 1 _aCrowley, Morgan A.
_4edt
720 1 _aCrowley, Morgan A.
_4oth
720 1 _aSaah, David
_4edt
720 1 _aSaah, David
_4oth
793 0 _aDOAB Library.
856 _uhttps://docs.google.com/spreadsheets/d/1yKIrdCPDAG_9c22mwoOIO2DOhtj65Wqa/edit?usp=sharing&ouid=106555315294820607512&rtpof=true&sd=true
_yList of Curated E-Books
942 _cE-BOOK
999 _c81042
_d81041